| 000 | 00870nam a2200241 a 4500 | ||
|---|---|---|---|
| 001 | 000497924 | ||
| 003 | AM-YEHGA | ||
| 005 | 20250617160458.0 | ||
| 008 | 060816s1961 ru |||||r|||||000|0|rus|d | ||
| 040 | _aAM-YeHGA | ||
| 041 | 0 | _arus | |
| 100 | 1 | _aХавин, Исаак Борисович | |
| 245 | 1 | 0 |
_aБолезни щитовидной железы / _cИ.Б. Хавин, О.В. Николаев. |
| 260 |
_aМосква : _bМедгиз, _c1961. |
||
| 300 |
_a251 с. : _bил. ; _c22 см. |
||
| 504 | _aСписок лит. : с. 243-251 | ||
| 650 | 1 | 4 | _aЩитовидной железы болезни |
| 650 | 1 | 4 | _aБолезни симптомы или признаки (ВНЕШ) |
| 650 | 1 | 4 | _aДиагностика |
| 650 | 1 | 4 | _aЛечебные методы |
| 700 | 1 | _aНиколаев, Олег Владимирович | |
| 090 | _c456963 | ||
| 999 |
_c453983 _d453983 |
||